| 000 | 00812pam a2200241 a 4500 | ||
|---|---|---|---|
| 001 | 2050913 | ||
| 005 | 20180309075726.0 | ||
| 008 | 930908s1993 caua b s001 0 eng | ||
| 010 | _a 93021379 | ||
| 020 | _a0520082214 (alk. paper) | ||
| 040 |
_aDLC _cDLC _dDLC |
||
| 041 | _aeng | ||
| 043 |
_aa-ja--- _an------ |
||
| 080 | _a305.244 | ||
| 082 | 0 | 0 |
_a305.244 LOC _220 |
| 100 | 1 | _a50 | |
| 101 | _aSOC | ||
| 245 | 1 | 0 |
_aEncounters with aging : _cMargaret Lock. |
| 504 | _aIncludes bibliographical references (p. 401-428) and index. | ||
| 906 |
_a7 _bcbc _corignew _d1 _eocip _f19 _gy-gencatlg |
||
| 942 |
_2ddc _cBK |
||
| 999 |
_c44605 _d44605 |
||